Social Science (Record no. 5879)
[ view plain ]
| 000 -LEADER | |
|---|---|
| fixed length control field | 00202nam a22000857a 4500 |
| 008 - FIXED-LENGTH DATA ELEMENTS--GENERAL INFORMATION | |
| fixed length control field | 170131b xxu||||| |||| 00| 0 eng d |
| 100 ## - MAIN ENTRY--PERSONAL NAME | |
| 9 (RLIN) | 2715 |
| Personal name | Tayal.B.B. |
| 245 ## - TITLE STATEMENT | |
| Title | Social Science |
| 260 ## - PUBLICATION, DISTRIBUTION, ETC. (IMPRINT) | |
| Place of publication, distribution, etc. | New Delhi |
| Date of publication, distribution, etc. | 2016 |
| Withdrawn status | Lost status | Source of classification or shelving scheme | Damaged status | Koha normalized classification for sorting | Not for loan | Home library | Current library | Shelving location | Date acquired | Total Checkouts | Full call number | Barcode | Date last seen | Date last checked out | Price effective from | Koha item type |
|---|---|---|---|---|---|---|---|---|---|---|---|---|---|---|---|---|
| Dewey Decimal Classification | 300_000000000000000 | Good Samaritan School Library | Good Samaritan School Library | Social Science | 01/31/2017 | 1 | 300 | TAY13730 | 02/07/2017 | 01/31/2017 | 01/31/2017 | BOOK |